000 00642nam a2200253Ia 4500
001 45683
005 20240114003722.0
007 ta
008 090320s1980 g b000 u 465 u
020 _a0 85478 314 8
040 _aCotton College,Assam
041 _a465
082 _a823.87
_bBa 23 Ah
100 _aBareham, Tony .
245 0 _aAnthony Trollope /
_cTony Bareham.
_hTextual Documents
250 _a1st ed /
260 _aLondon :
_bVision ,
_c1980.
300 _a207p. ;
_c24 cm
_e`.
653 _aEnglish Literature
653 _aT/G-English
942 _2ddc
_cBK
999 _c45648
_d45648